000
00231nam a2200085Ia 4500
245
0
_a
Understanding breast cancer
100
_a
OGDEN, Joy Hoboken, NJ, 2004
_9
73543
942
_c
BK
008
210817s9999 xx 000 0 und d
999
_c
399986
_d
399985